000
nam a22 7a 4500
999
_c
48183
_d
48183
003
OSt
005
20190705144321.0
008
190705b xxu||||| |||| 00| 0 eng d
040
_c
SEROSOFT
100
_a
RAM KUMAR GUPTA
245
_a
MENTAL HEALTH NURSINGH (HINDI)
300
_a
407
942
_2
ddc
_c
01